Normal view MARC view

Entry Personal Name

Number of records used in: 1

001 - CONTROL NUMBER

  • control field: 1237926

003 - CONTROL NUMBER IDENTIFIER

  • control field: OSt

005 - DATE AND TIME OF LATEST TRANSACTION

  • control field: 20260430150602.0

008 - FIXED-LENGTH DATA ELEMENTS

  • fixed length control field: 260430|| aca||aabn | a|a d

040 ## - CATALOGING SOURCE

  • Original cataloging agency: OSt
  • Transcribing agency: OSt

100 ## - HEADING--PERSONAL NAME

  • Personal name: Anjali Rani Au.; Mandal Samit Kr. Gu

670 ## - SOURCE DATA FOUND

  • Source citation: Work cat.: (OSt)1850141: Anjali Rani Au.; Mandal Samit Kr. Gu., Exploration of Multinucleon Transfer and Fusion Reaction Dynamics in the Vicinity of the Coulomb Barrier for 28Si + 116,120,124Sn systems, 2023
Copyright @ Delhi University Library System